| 000 | 00539nam a22002057a 4500 | ||
|---|---|---|---|
| 003 | OSt | ||
| 005 | 20140310182925.0 | ||
| 008 | 130130t xxu||||| |||| 00| 0 eng d | ||
| 020 | _a9712336514 | ||
| 050 |
_aPE 1130 _b.P295 2003 |
||
| 082 | _aFIL 428.007 | ||
| 245 |
_aHandbook for oral readers of English as a second language. _cPaterno, Adelaida |
||
| 260 |
_aManila _bRex _cc2003 |
||
| 300 |
_a185 p. _c22 cm. |
||
| 521 | _acollege students | ||
| 526 | _c1210L-1700L | ||
| 541 | _j1 | ||
| 562 | _e1 | ||
| 942 |
_2lcc _cBK _kFIL |
||
| 999 |
_c17410 _d17410 |
||